Labor omnia uicit improbus : miscellanea in honorem ariel Shisha-Halevy /

محفوظ في:

مؤلفون آخرون: Shisha-Halevy, Ariel., Bosson, Nathalie., Boud'hors, Anne, 1958-, Aufrère, Sydney.

التنسيق: كتاب

اللغة: French

منشور في: Leuven : Peeters, 2017.

سلاسل: Orientalia Lovaniensia analecta ; 256.
OLA ; 256.

الموضوعات:

الوسوم: إضافة وسم

لا توجد وسوم, كن أول من يضع وسما على هذه التسجيلة!

رقم الطلب: DS1 .O7 v.256

LEADER 00990namaa2200301 4500
003 OSt
005 20251124061306.0
008 130303s2017 be a 000 0 fre d
020 |a 9789042934511 
040 |c ARCE Library 
050 4 |a DS1 .O7 v.256 
245 0 0 |a Labor omnia uicit improbus :   |b miscellanea in honorem ariel Shisha-Halevy /   |c édités par Nathalie Bosson, Anne Boud'hors et Sydney H. Aufrère. 
264 1 |a Leuven :  |b Peeters,  |c 2017. 
300 |a xxiv, 665 pages :  |b illustrations ;  |c 25 cm. 
490 1 |a Orientalia Lovaniensia analecta ;   |v 256. 
490 1 |a OLA ;   |v 256. 
600 1 0 |a Shisha-Halevy, Ariel.  |9 39998 
650 0 |a Coptic language. 
650 0 |a Egyptology. 
700 1 |a Shisha-Halevy, Ariel.  |9 39998 
700 1 |a Bosson, Nathalie.  |9 27076 
700 1 |a Boud'hors, Anne,  |d 1958- 
700 1 |a Aufrère, Sydney. 
830 0 |a Orientalia Lovaniensia analecta ;   |v 256. 
830 0 |a OLA ;   |v 256. 
901 |a reviewed 
942 |c BK  |2 lcc 
999 |c 7271  |d 7271